1229 1909 1800 1686 1918 1154 1921 1142 1939 1446 1244 1794 1908 1024 1984 1397 1225 1384 1903 1271 1540 1215 1717 1257 1661 1764 1630 1233 1477 1971 1388 1673 1674 1638 1127 1397 1335 1128 1969 1708 1089 1534 1028 1256 1026 1966 1594 1027 1696 1844 1575 1492 1853 1963 1006 1450 1140 1816 1752 1675 1298 1192 1279 1159 1886 1800 1244 1371 1912 1918 1002 1015 1352 1312 1904 1882 1628 1094 1294 1882 1258 1640 1973 1599 1344 1803 1885 1490 1649 1341 1790 1755 1297 1324 1103 1772 1887 1864 1423 BCNSPRNW ULIB Ver.6.0+V

เปลี่ยนเป็นภาษาไทย

Change to English
 แสดงรายละเอียดบรรณานุกรม
  กลับหน้าหลัก

Brief Record : Get Marc (ISO 2709) : E-mail record : QR code < ปิดหน้าต่าง
LEADER : 00000nam 2200000uu 4500
001    13399120217
003     ULIB
008    020711s2010 th a 000 0 eng d
020    9780131362161
050    QS4^bM386E
100    Martini, H. Frederic
245    ESSENTIALS OF ANATOMY & PHYSIOLOGY/^cMartini, H. Frederic
250    5th ed
260    San Francisco :^bBenjamin Cummings,^c2010
945    ^p0^l0^i16160
999    ^aทศพร เกษรทอง
รายการนี้ยังไม่มีแท็ก
คุณยังไม่ได้ล็อกอิน คุณสามารถมีกิจกรรมร่วมกับเว็บไซต์ได้ แต่ต้องล็อกอินก่อน ::
  ล็อกอิน

รายการสื่อสารสนเทศ

ลำดับที่ ประเภท เลขเรียก/บาร์โค้ด สถานที่ สถานะ
1. วิทยาศาสตร์การแพทย์ และสุขภาพ
วิทยาศาสตร์การแพทย์ และสุขภาพ
QS4 M386E  
  Barcode: 16160
ห้องสมุดวิทยาเขตสวรรค์ประชารักษ์
►หนังสือทั่วไป
บนชั้น

BibComment


ยังไม่เคยถูกคอมเมนท์

คอมเมนท์ทรัพยากรรายการนี้
  คอมเมนท์: ESSENTIALS OF ANA..


 Copyright 2026. Bcnsprnw @Library